Establishing and keeping effective records (Record no. 77415)

MARC details
000 -LEADER
fixed length control field 00959cab a2200193 4500
001 - CONTROL NUMBER
control field ##L134223
008 - FIXED-LENGTH DATA ELEMENTS--GENERAL INFORMATION
fixed length control field 060718n2006 000 0 eng u
035 ## - SYSTEM CONTROL NUMBER
System control number (Sirsi) u134223
041 0# - LANGUAGE CODE
Language code of text/sound track or separate title eng
100 1# - MAIN ENTRY--PERSONAL NAME
Personal name Pearson, David
245 00 - TITLE STATEMENT
Title Establishing and keeping effective records
260 ## - PUBLICATION, DISTRIBUTION, ETC.
Date of publication, distribution, etc. 2006
490 #0 - SERIES STATEMENT
Series statement Facilities Management
Volume/sequential designation 13(10) July 2006, 22-23(2)
520 ## - SUMMARY, ETC.
Summary, etc. Advises on best practice in records management as an essential part of contract management. Argues that good records are essential in dispute resolution, business continuity, achievement of standards, communication and decision-making. Discusses the standards for records management, the business benefits accrued, and the creation and capture of records, with particular attention paid to e-mail communications.
590 ## - LOCAL NOTE (RLIN)
Local note IKA180706
650 24 - SUBJECT ADDED ENTRY--TOPICAL TERM
Topical term or geographic name entry element BS ISO 15489-1: 2001
690 ## - LOCAL SUBJECT ADDED ENTRY--TOPICAL TERM (OCLC, RLIN)
Topical term or geographic name as entry element MANAGEMENT-BUSINESS MANAGEMENT-INFORMATION MANAGEMENT-DOCUMENT MANAGEMENT
942 ## - ADDED ENTRY ELEMENTS (KOHA)
Suppress in OPAC 0
Holdings
Withdrawn status Lost status Source of classification or shelving scheme Damaged status Not for loan Home library Current library Shelving location Date acquired Total Checkouts Full call number Barcode Date last seen Copy number Price effective from Koha item type
    Dewey Decimal Classification     London London Journal article 18/07/2006   L134223 134223-1001 06/08/2019 1 06/08/2019 Journal article